000 00610nam a22001937a 4500
003 URS
005 20260225105645.0
008 260224b |||||||| |||| 00| 0 eng d
020 _a9786210226805
040 _cURS
050 _aKPM 1214
_b.C1235 2025
100 _aCaingat, Celestino S., JR.
245 _aThe Labor code :
_bvolume 1-labor standards /
_cAtty. Celestino S. Caingat, Jr.
250 _a2025 Edition.--
264 _aQuezon City :
_bCentral Book Supply, Inc.,
_c©2025.
300 _axxiii, 906 pages ;
_c24 cm.
650 _a Labor laws and legislation --
_z Philippines
942 _2lcc
_cF
999 _c98809
_d98806